WINDMILLS OF THE GODS (Record no. 30752)

MARC details
000 -LEADER
fixed length control field 00321nam a2200133Ia 4500
008 - FIXED-LENGTH DATA ELEMENTS--GENERAL INFORMATION
fixed length control field 240624s9999 xx 000 0 und d
041 ## - LANGUAGE CODE
Language code of text/sound track or separate title eng
082 ## - DEWEY DECIMAL CLASSIFICATION NUMBER
Classification number 823 SHE
100 ## - MAIN ENTRY--PERSONAL NAME
Personal name SHELDON SIDNEY
245 ## - TITLE STATEMENT
Title WINDMILLS OF THE GODS
260 ## - PUBLICATION, DISTRIBUTION, ETC.
Date of publication, distribution, etc. 2001
Place of publication, distribution, etc. New York
Name of publisher, distributor, etc. Warner Books
300 ## - PHYSICAL DESCRIPTION
Extent xiii, 433 p.; 17 cm.
365 ## - TRADE PRICE
Currency code
Holdings
Withdrawn status Lost status Source of classification or shelving scheme Damaged status Not for loan Home library Current library Shelving location Date acquired Cost, normal purchase price Full call number Barcode Date last seen Price effective from Koha item type
  Missing Dewey Decimal Classification     IMTN IMTN Rack 41-A 05/24/2018 7.99 823 SHE 30752 06/24/2024 06/24/2024 Books
Designed & Maintained by: LRC IMT Nagpur Contact: lrc@imtnag.ac.in© 2024. All Rights Reserved.